Die Universität München: ihre Anstalten, Institute und Kliniken

Saved in:  
Bibliographic Details
Main Author: Geiger, Franz (Author)
Format: Print Book
Language:German
Subito Delivery Service: Order now.
Check availability: HBZ Gateway
WorldCat: WorldCat
Interlibrary Loan:Interlibrary Loan for the Fachinformationsdienste (Specialized Information Services in Germany)
Published: Düsseldorf Lindner 1928
In:Year: 1928
Standardized Subjects / Keyword chains:B Ludwig-Maximilians-Universität München / Technische Universität München / Munich / University building / Educational system
B Architecture / University
Sammlungen:

MARC

LEADER 00000cam a2200000 c 4500
001 022525769
003 DE-627
005 20240625103932.0
007 tu
008 891003s1928 xx ||||| 00| ||ger c
035 |a (DE-627)022525769 
035 |a (DE-576)9022525767 
035 |a (DE-599)GBV022525769 
035 |a (OCoLC)256043271 
040 |a DE-627  |b ger  |c DE-627  |e rakwb 
041 |a ger 
044 |c XA-DXDE 
084 |a 1  |2 ssgn 
084 |a 81.40  |2 bkl 
084 |a 81.80  |2 bkl 
100 1 |a Geiger, Franz  |4 aut 
109 |a Geiger, Franz  |a Geiger, Franz Tiburtius  |a Geiger, Franziskus  |a Geiger, Franz T.  |a Geiger, Johann N.  |a Geiger, Johann Nepomuk  |a Geiger, Franciscus 
245 1 4 |a Die Universität München  |b ihre Anstalten, Institute und Kliniken  |c Franz Geiger 
264 1 |a Düsseldorf  |b Lindner  |c 1928 
300 |a 67, IX, 49 S.  |b Ill.  |c 4° 
336 |a Text  |b txt  |2 rdacontent 
337 |a ohne Hilfsmittel zu benutzen  |b n  |2 rdamedia 
338 |a Band  |b nc  |2 rdacarrier 
583 1 |a Massenentsäuerung nicht möglich  |c 2020  |2 pdager  |5 DE-18 
601 |a Universität München 
601 |a Institution 
601 |a Anstalt 
689 0 0 |d b  |0 (DE-588)2002585-3  |0 (DE-627)101422873  |0 (DE-576)191585351  |2 gnd  |a Ludwig-Maximilians-Universität München 
689 0 1 |d b  |0 (DE-588)36241-4  |0 (DE-627)100834418  |0 (DE-576)190345217  |2 gnd  |a Technische Universität München 
689 0 2 |d g  |0 (DE-588)4127793-4  |0 (DE-627)105722073  |0 (DE-576)209596570  |2 gnd  |a München 
689 0 3 |d s  |0 (DE-588)4160195-6  |0 (DE-627)104636572  |0 (DE-576)209855975  |2 gnd  |a Hochschulbau 
689 0 4 |d s  |0 (DE-588)4006681-2  |0 (DE-627)10637673X  |0 (DE-576)208866574  |2 gnd  |a Bildungswesen 
689 0 |5 (DE-627) 
689 1 0 |d s  |0 (DE-588)4002851-3  |0 (DE-627)104280352  |0 (DE-576)208848975  |2 gnd  |a Architektur 
689 1 1 |d s  |0 (DE-588)4061778-6  |0 (DE-627)106134558  |0 (DE-576)20914114X  |2 gnd  |a Universität 
689 1 |5 (DE-627) 
935 |a RFBW  |a mteo 
936 b k |a 81.40  |j Schulwesen  |j Hochschulwesen  |j Ausbildungswesen: Allgemeines  |0 (DE-627)106422758 
936 b k |a 81.80  |j Hochschulen  |j Fachhochschulen  |0 (DE-627)106422847 
951 |a BO 
ELC |b 1 
LOK |0 000 xxxxxcx a22 zn 4500 
LOK |0 001 4541510715 
LOK |0 003 DE-627 
LOK |0 004 022525769 
LOK |0 005 20240625101853 
LOK |0 008 240625||||||||||||||||ger||||||| 
LOK |0 040   |a DE-Tue135  |c DE-627  |d DE-Tue135 
LOK |0 092   |o n 
LOK |0 852   |a DE-Tue135 
LOK |0 852 1  |9 00 
LOK |0 866   |x SPQUE#Reformationsgeschichtliche Forschungsbibliothek Wittenberg#SPSAM#Lutherhaus#SPUSM#Neubestand 
LOK |0 935   |a RFBW  |a lglu  |a lgnb 
LOK |0 939   |a 25-06-24  |b l01 
ORI |a SA-MARC-ixtheoa001.raw 
STA 0 0 |a Architecture,Architecture,Educational system,Munich,München,University,University building 
STB 0 0 |a Architecture,Architecture,Construction d’université,Bâtiment universitaire,Bâtiment universitaire,Système éducatif,Enseignement,Enseignement,Université 
STC 0 0 |a Arquitectura,Arquitectura,Edificio universitario,Sistema educacional,Universidad 
STD 0 0 |a Architettura,Architettura,Edifici universitari,Istruzione,Università 
STE 0 0 |a 大学,建筑,教育系统 
STF 0 0 |a 大學,建築,教育系統 
STG 0 0 |a Arquitetura,Arquitetura,Prédio universitário,Sistema educacional,Universidade 
STH 0 0 |a Архитектура (мотив),Архитектура,Здание вуза,Система образования,Университет 
STI 0 0 |a Αρχιτεκτονική (μοτίβο),Αρχιτεκτονική,Εκπαίδευση,Εκπαιδευτικό σύστημα,Πανεπιστήμιο,Πανεπιστημιακό κτήριο 
SYG 0 0 |a Universität München,LMU,Königlich Bayerische Ludwig-Maximilians-Universität München,Maximilians-Universität München,Ludovico Maximilianea,Königliche Ludwig-Maximilians-Universität München,Ludwigs-Maximilians-Universität München,Münchner Universität,Bayerische Ludwig-Maximilians-Universität München,Uni München,University Munich,Münchener Universität,Ludwig-Maximilians-Universität,Panepistēmio,Geschwister-Scholl-Universität München,GSU,Scholl-Universität München,Königlich-Bayerische Ludwig-Maximilians-Universität München,UM,Ludwig Maximilian University,Ludwig Maximilian University in Munich , TU München,TUM,Technical University of Munich,Technical University,Université Technique,Technische Universität , Landeshauptstadt München,Hauptstadt München,Munich,Monachum,Munichen,K. Haupt- und Residenzstadt München,Königliche Haupt- und Residenzstadt München,Monaco,Mjunchen,Myunken,Mnichov,Munihei,Minga,Monacho,Monachon,Hauptstadt der Bewegung,Minkhen,Münich,Groß-München,Monaco di Baviera,Monachium,Monacum,Moncium,Myunīḫ , Universität,Universität,Universitätsbau,Universitätsgebäude,Hochschulgebäude , Educational system,Bildungssektor,Bildungssystem,Education system,Erziehungssystem,Erziehungswesen,Erziehungswesen , Baukunst , Universidad de Alcalá de Henares,Universitad,Colegio de San Ildefonso,Jesuitenuniversität,Kaiserliche Universität , Universitäten,Universitäten 
TIM |a 100018260101_100020261231  |b 1826 - 2026